Normal view
MARC view
- Momoh, James , Mili, Lamine
Entry Personal Name
001 - CONTROL NUMBER
- control field: 68905
003 - CONTROL NUMBER IDENTIFIER
- control field: NUST
005 - DATE AND TIME OF LATEST TRANSACTION
- control field: 20210628204135.0
008 - FIXED-LENGTH DATA ELEMENTS
- fixed length control field: 210628|| aca||aabn | a|a d
040 ## - CATALOGING SOURCE
- Original cataloging agency: NUST
- Transcribing agency: NUST
100 ## - HEADING--PERSONAL NAME
- Personal name: Momoh, James , Mili, Lamine
670 ## - SOURCE DATA FOUND
- Source citation: Work cat.: (NUST): Momoh, James , Mili, Lamine, Operation and control of electric energy processing systems, 2010
